Musiques de l'album Welcome to the Jungle (Rilès) - Statistiques

Statistiques générales
  • Ce quiz a été pris 88 fois
  • Le résultat moyen est 9 sur 18
Statistiques - réponses
Numéro Musique % Correct
3 THANK GOD
74%
8 MARIJUANA
71%
5 QUEEN
64%
15 UTOPIA
62%
1 ADMIRATION
61%
12 I LOVE YOU
61%
9 MYSELF N THE SEA
58%
13 ARE YOU A STAR ?
56%
7 AGAINST THE CLOCK
53%
2 NO TEARS
53%
4 E A VERDADE
50%
16 RUN!
50%
6 U RIGHT ?
45%
18 !BONUS1 : YOUSATONMYMIND
44%
14 ME FALLING
42%
10 OLD DAYZ
41%
11 RESOLUTION
35%
17 !Outro - eddy's laugh
26%
Aucun quiz correspondant
Distribution des résultats
% des personnes avec chaque résultat
Percentile par nombre de réponses
Votre historique - résultats
Vous n’avez pas pris ce quiz